World of biology
| Other Authors: | |
|---|---|
| Language: | English |
| Published: |
Detroit:
The Gale Group,
1999.
|
| Subjects: |
| LEADER | 00564cam a2200169 7i4500 | ||
|---|---|---|---|
| 001 | 0000018696 | ||
| 005 | 20100216090000.0 | ||
| 008 | 100216s1999 enk eng | ||
| 020 | # | 0 | |a 0787630446 |
| 090 | 0 | 0 | |a QH 302.5 |b .W67 1999 |
| 245 | 0 | 0 | |a World of biology |c Kimberley A. McGrath, editor. |
| 260 | # | # | |a Detroit: |b The Gale Group, |c 1999. |
| 300 | # | # | |a vii, 942 p.: |b ill.; |c 29 cm.. |
| 504 | 0 | 0 | |a Includes bibliographical references and index |
| 650 | 0 | 0 | |a BiologyIxEncyclopedias |
| 700 | 1 | 1 | |a McGrath, Kimberley A. |
| 999 | |a 1100004437 |b Book |c Open Shelf |e KOLEKSI TERBUKA | ||


